000 00789cam a22002414a 4500
001 12347837
005 20180109084449.0
008 010315s2001 dcua b 001 0 eng
010 _a 2001022631
020 _a1557988102 (alk. paper)
040 _aDLC
_cDLC
_dDLC
_dWaU
041 _aeng
042 _apcc
080 _a808.06615 WAS
082 0 0 _a808.06615 WAS
_221
100 _a48
101 _aPSI
245 0 0 _aPublication manual of the American Psychological Association.
504 _aIncludes bibliographical references (p. 363-377) and index.
906 _a7
_bcbc
_corignew
_d1
_eocip
_f20
_gy-gencatlg
942 _2ddc
_cBK
999 _c39964
_d39964